000 00733nam a2200205 i 4500
001 137518
003 ES-MaACL
005 20230906195404.0
007 t|
008 070214s1925 sp r ||||1| spa d
100 1 _aSánchez Cantón, Francisco Javier,
_d1891-1971
_9102521
245 1 0 _aEspaña :
_b(divulgación y propaganda) /
_cFrancisco Javier Sánchez Cantón.
260 _aMadrid :
_bVicente Rico,
_c1925.
300 _a94 p. ;
_c19 cm.
594 _aPrecede al tít.: Publicaciones de la Comisaría Regia del Turismo y Cultura Artística.
651 4 _aEspaña-
_xDescripción-
_yS.XX.
_98187
710 1 _aEspaña.
_bComisaría Regia del Turismo.
_9175864
852 4 _aES-MaACL
_jF-203
999 _c137518
_d137518